00465nam a22001577a 4500003000400000005001700004007000300021008004100024040002500065041000800090082002200098245006200120260003500182300001800217710007200235OSt20210215120946.0ta210215e1994 dr ||||fr|||| 001 0 spa d aDO-SdBNPbspacBNPHU hspa aBNPHU-xxxxbR377i0 aReglamento interno estatutario y leyes 6160, 6201 y 6200. aSanto Domingo :bCODIA ,c1994 a99 pg.c20 cm aColegio Dominicano de Ingenieros Arquitectos y Agrimensores (CODIA)